I know why the caged bird sings / Maya Angelou.
Available copies
- 4 of 5 copies available at LARL/NWRL Consortium. (Show)
- 2 of 2 copies available at Northwest Regional Library.
Current holds
0 current holds with 5 total copies.
Show Only Available Copies
| Location | Call Number / Copy Notes | Barcode | Shelving Location | Status | Due Date |
|---|---|---|---|---|---|
| Roseau Public Library | 921 ANG (Text) | 35500005148307 | Main | Available | - |
| Warroad Public Library | 921 ANG (Text) | 35500006646986 | Main | Available | - |
Record details
- ISBN: 9780345514400 (pbk.)
- ISBN: 0345514408 (pbk.)
- ISBN: 055338001X
- ISBN: 0394429869 (hardcover)
- ISBN: 9780812980028 (pbk.)
- Physical Description: 289 p. ; 18 cm.
- Edition: Ballantine Books mass market ed.
- Publisher: New York : Ballantine Books, 2009, c1969.
Content descriptions
| General Note: | Originally published: New York : Random House, 1970. |
| Summary, etc.: | A black woman recalls the anguish of her childhood ... Read More |
| Study Program Information Note: | Accelerated Reader/Renaissance Learning UG 6.7 13. |
Search for related items by subject
| LDR | 02546cam a2200517Ia 4500 | ||
|---|---|---|---|
| 001 | 121883 | ||
| 003 | LARL_NWRL_CONSORTIUM | ||
| 005 | 20230227162205.0 | ||
| 008 | 090414r20091970nyu 000 0aeng d | ||
| 020 | . | ‡a9780345514400 (pbk.) | |
| 020 | . | ‡a0345514408 (pbk.) | |
| 020 | . | ‡a055338001X | |
| 020 | . | ‡a0394429869 (hardcover) | |
| 020 | . | ‡a9780812980028 (pbk.) | |
| 035 | . | ‡a(OCoLC)251201670 | |
| 040 | . | ‡aBTCTA ‡cBTCTA ‡dPFO ‡dGPI ‡dNYP ‡dYDXCP | |
| 082 | 0 | 4. | ‡a818/.54092 ‡aB ‡222 |
| 082 | 1 | 4. | ‡a921 ‡bANGELOU ‡214 |
| 100 | 1 | . | ‡aAngelou, Maya. ‡0(LARL_NWRL_CONSORTIUM)632 |
| 245 | 1 | 0. | ‡aI know why the caged bird sings / ‡cMaya Angelou. |
| 250 | . | ‡aBallantine Books mass market ed. | |
| 260 | . | ‡aNew York : ‡bBallantine Books, ‡c2009, c1969. | |
| 300 | . | ‡a289 p. ; ‡c18 cm. | |
| 500 | . | ‡aOriginally published: New York : Random House, 1970. | |
| 520 | . | ‡aA black woman recalls the anguish of her childhood in Arkansas and her adolescence in northern slums. | |
| 526 | 0 | . | ‡aAccelerated Reader/Renaissance Learning ‡bUG ‡c6.7 ‡d13. |
| 600 | 1 | 0. | ‡aAngelou, Maya ‡xChildhood and youth. |
| 650 | 0. | ‡aAuthors, American ‡y20th century ‡vBiography. ‡0(LARL_NWRL_CONSORTIUM)163260 | |
| 650 | 0. | ‡aEntertainers ‡zUnited States ‡vBiography. ‡0(LARL_NWRL_CONSORTIUM)164760 | |
| 650 | 0. | ‡aAfrican Americans ‡vBiography. ‡0(LARL_NWRL_CONSORTIUM)163085 | |
| 600 | 1 | 0. | ‡aAngelou, Maya ‡xHomes and haunts ‡zArkansas. |
| 650 | 0. | ‡aAuthors, American ‡xHomes and haunts ‡zArkansas. | |
| 650 | 0. | ‡aAfrican American families ‡zArkansas. | |
| 651 | 0. | ‡aArkansas ‡xIntellectual life ‡y20th century. | |
| 651 | 0. | ‡aArkansas ‡xSocial life and customs. | |
| 901 | . | ‡a121883 ‡bOCLC ‡c121883 ‡tbiblio | |

Add to basket
Permalink
Disable Highlighting